| 000 | 00748nab a2200217u 4500 | ||
|---|---|---|---|
| 001 | 21311 | ||
| 003 | HDC | ||
| 007 | c| |||a|c|aaaa | ||
| 008 | 210306b20110729my ||||o |||| 00| 0 eng d | ||
| 040 | _aHDC | ||
| 245 | 0 | _aPakistan: Commerce minister imposes ban on export of meat, live stocks | |
| 336 |
_atext _2rdacontent |
||
| 337 |
_acomputer _2rdamedia |
||
| 338 |
_aonline resource _2rdacarrier |
||
| 650 |
_aexport of meat and live animals _918907 |
||
| 650 |
_aHalal Food Certification System _918908 |
||
| 856 | _zRequest full-text at [email protected] | ||
| 942 | _2lcc | ||
| 942 | _cNEWS | ||
| 942 | _kNWS0 004943 | ||
| 999 |
_c18627 _d18627 |
||